| 000 | 00791nam a2200217 a 4500 | ||
|---|---|---|---|
| 001 | 000035378 | ||
| 005 | 20200930074310.0 | ||
| 008 | 111031s1950 cu 000 0 spa d | ||
| 040 |
_aDO-SdBNP _bspa _cBNPHU |
||
| 082 | _axxxx | ||
| 100 | 1 |
_aRodriguez Delgado, Rafael _928425 |
|
| 245 | 1 | 0 |
_aIntroducción a una filosofía de la era atómica. / _cRafael Rodriguez Delgado ; prólogo de Dr. Carlos Saladrigas. |
| 260 |
_aLa Habana : _bEditorial Lex, _c1950. |
||
| 300 |
_av. ; _c24 cm. |
||
| 490 | 1 | _aOceanida | |
| 500 | _aLa biblioteca posee el volumen 1 | ||
| 505 | 0 |
_gv. 1 _aEl conocimiento actual del universo y del hombre |
|
| 590 | _aPerteneció a la biblioteca personal de Juan Isidro Jimenes Grullón. | ||
| 700 | 1 |
_aSaladrigas, Carlos _epról. _961191 |
|
| 830 | 0 |
_aOceanida _961192 |
|
| 999 |
_c34869 _d34869 |
||